00761nam a22001817a 4500003000200000005001700002008004100019050002200060100002700082245009100109260007100200300002500271500003900296504005600335650005600391650006700447650006500514020250213155136.0250213b xxu||||| |||| 00| 0 eng d aRC 1235b.D4 2024 ade Torres, Krisjaene A aPerfectionism and self-compassion of competitive cheerdancerscKrisjaene A. de Torres aLas Pinas CitybSouthville International School and Collegesc2024 ax, 349 pages;c28cm. aBachelor of Science in Psychology. aIncludes bibliographical references and appendices. aPerfectionism (Psychology)— Competitive athletes. aSelf-Compassion—Psychological factors -- Sports Performance. aCheerleading—Mental toughness -- Psychological resilience.